000 00766nam a2200289Ia 4500
005 20260324121258.0
008 008 260324s9999 xx 000 0 eng d
020 _a9780429172915
037 _aEBOOK
040 _aCRL
040 _beng
040 _cCRL
041 _2eng
041 _aeng
084 _qCRL
100 _aAxel Borsdorf; Velma I. Grover; Prakash Chandra Tiwari; Jörgen Breuste; Flavia Witkowski Frangetto
_91161891
245 0 _aImpact of Global Changes on Mountains
245 0 _bResponses and Adaptation
260 _bTaylor and Francis
260 _c2014
365 _a
365 _b385
856 _uhttp://www.taylorfrancis.com/books/9780429172915
942 _cEBOOK
999 _c1753898
_d1753898